| 000 | 00548nam a22001457a 4500 | ||
|---|---|---|---|
| 999 |
_c513343 _d513343 |
||
| 020 | _a9780190125844 | ||
| 082 | _aA99 N315\85 | ||
| 245 |
_aSelected works of Jawaharlal Nehru, vol.85 (1 January - 26 May 1964) _cedited by Madhavan K. Palat |
||
| 260 |
_aNew Delhi _bJawaharlal Nehru Memorial Fund _c2019 |
||
| 300 | _axxii, 521p. | ||
| 650 |
_aIndia -- Politics and government -- 1947- _916372 |
||
| 650 |
_aIndia -- History -- 1947- _916373 |
||
| 650 |
_aIndia -- Foreign relations -- 1947-1984. _916374 |
||
| 700 |
_aPalat, Madhavan K., ed. _916047 |
||